| 000 | 01290nam a2200349 a 4500 | ||
|---|---|---|---|
| 001 | 000114367 | ||
| 003 | CHAP | ||
| 005 | 20220329144438.0 | ||
| 008 | 180116s2017 mx a fsm |||||||spa d | ||
| 010 | _a110828 | ||
| 011 | _a111800 | ||
| 040 | _cCHAP | ||
| 090 | _aTesis | ||
| 100 | 1 |
_aCamacho Abasolo, Víctor Manuel _9134357 |
|
| 245 | 1 | 0 |
_aEvaluación de la capacidad antioxidante y valor nutracéutico en frutos de chirimoya (Annona cherimola Mill.) / _h[En línea] _cpor Victor Manuel Camacho Abasolo. |
| 260 |
_aChapingo, Méx. : _bEl autor, _c2017. |
||
| 500 | _aPara ver el contenido del material haga clic en la liga | ||
| 502 | _aTesis (Ing. Agr. Esp. en Fitotecnia) -- UACH. Departamento de Fitotecnia | ||
| 590 |
_aBATCH _b00 _c20181121 _lUCH01 _h0759 |
||
| 590 |
_aE8697GMM _b05 _c20180116 _lUCH01 _h1155 |
||
| 590 |
_aE8697GMM _b05 _c20180116 _lUCH01 _h1225 |
||
| 590 |
_aE8697GMM _b05 _c20180116 _lUCH01 _h1413 |
||
| 650 | 1 | 4 |
_aChirimoya _xConsumo. _9134368 |
| 650 | 1 | 4 |
_aChirimoya _xFisiología y morfología. _922612 |
| 650 | 1 | 4 |
_aChirimoya _xGenética. _9134367 |
| 650 | 1 | 4 |
_aChirimoya _xValor nutritivo. _9134366 |
| 856 |
_a1 _n0001158 |
||
| 856 |
_aFinding aid _uhttp://10.13.5.2/tesis/sist114367.pdf _zTeclea aquí |
||
| 901 | _aBK | ||
| 942 | _cTESIS | ||
| 942 | _n0 | ||
| 999 |
_c110828 _d110828 |
||